000 00544pam a2200205 a 4500
001 2405238
005 20180213073326.0
008 860512s1987 njua 001 0 eng
010 _a 86012281
020 _a0130544795 :
_c$32.95
040 _aDLC
_cDLC
_dDLC
041 _aeng
080 _a629.8 HUN
082 0 0 _a629.8 HUN
_219
100 1 _a27
101 _aIM
245 1 0 _aAutomated process control systems :
_cRonald P. Hunter.
906 _a7
_bcbc
_corignew
_d1
_eocip
_f19
_gy-gencatlg
942 _2ddc
_cBK
999 _c42394
_d42394